| 000 | 00563nam a2200157 i 4500 | ||
|---|---|---|---|
| 001 | 183877 | ||
| 003 | ES-MaACL | ||
| 005 | 20230906222006.0 | ||
| 008 | 141104s1894 sp |||| | spa d | ||
| 245 | 0 | 0 | _aPisto social o apuntes sobre economía particular y general. |
| 250 | _a2ª ed. corr. y aum. | ||
| 260 |
_aBilbao : _b[s.n.], _c1894 ( _fTip. de José de Astuy) |
||
| 300 |
_a289 p.,[1] h. pleg. de mus., [1] h. de lám. ; _c15 cm. |
||
| 500 | _aLa h. pleg. es una partitura de: Himno ·Guernikako arbola" de Iaprraguirre. | ||
| 852 |
_aES-MaACL _jT-889-F-5 |
||
| 999 |
_c183877 _d183877 |
||